The romance of reading : (Record no. 7835)
[ view plain ]
| 000 -LEADER | |
|---|---|
| fixed length control field | 00614nam a22002293 4500 |
| 001 - CONTROL NUMBER | |
| JCCL Control Number | 7835 |
| 003 - CONTROL NUMBER IDENTIFIER | |
| JCCL marc code | BD - JhCC |
| 005 - DATE AND TIME OF LATEST TRANSACTION | |
| control field | 20181003174719.0 |
| 008 - FIXED-LENGTH DATA ELEMENTS--GENERAL INFORMATION | |
| fixed length control field | 961121m19361937enk j 000 0 eng d |
| 035 ## - SYSTEM CONTROL NUMBER | |
| system control number | (BD - JhCC)7835 |
| 040 ## - CATALOGING SOURCE | |
| Original cataloging agency | EQO |
| Transcribing agency | EQO |
| Modifying agency | BD-JhCC |
| 041 ## - LANGUAGE CODE | |
| Language code of Book | eng |
| 082 ## - DEWEY DECIMAL CLASSIFICATION NUMBER | |
| Author mark and Year | ROM 1937 |
| Classification number | 428.6 |
| 245 04 - TITLE STATEMENT | |
| Title | The romance of reading : |
| Remainder of title | 1st ser. / |
| Statement of responsibility, etc | ed. by R.K. and M.I.R. Polkinghorne. |
| 260 ## - PUBLICATION, DISTRIBUTION, ETC. (IMPRINT) | |
| Place of publication, distribution, etc | Lond., |
| Date of publication, distribution, etc | 1936-37. |
| 300 ## - PHYSICAL DESCRIPTION | |
| Pagination | 156 mp. : |
| Dimensions | 15 cm. |
| 650 ## - SUBJECT ADDED ENTRY--TOPICAL TERM | |
| Topical term or geographic name as entry element | Reading |
| 700 1# - ADDED ENTRY--PERSONAL NAME | |
| Personal name | Polkinghorne, R. K. |
| Fuller form of name | (Ruby Kathleen) |
| 700 1# - ADDED ENTRY--PERSONAL NAME | |
| Personal name | Polkinghorne, M. I. R. |
| 942 ## - ADDED ENTRY ELEMENTS (KOHA) | |
| Source of classification or shelving scheme | Dewey Decimal Classification |
| Koha item type | Books |
| Source of classification or shelving scheme | Damaged status | Not for loan | Home library | Current library | Shelving location | Total Checkouts | Full call number | Barcode | Date last seen | Copy number | Koha item type |
|---|---|---|---|---|---|---|---|---|---|---|---|
| Dewey Decimal Classification | JCC Rouf Library | JCC Rouf Library | General Stacks | 428.6 ROM 1937 | 10413 | 02/14/2018 | C - 1 | Books |